Masih Hindustani Kalisiya Men (Record no. 2423)

MARC details
000 -LEADER
fixed length control field 00613nam a2200241 a 4500
020 ## - INTERNATIONAL STANDARD BOOK NUMBER
ISBN
082 00 - DEWEY DECIMAL CLASSIFICATION NUMBER
Classification number 275.4
Author Cutter APP
100 ## - MAIN ENTRY--AUTHOR NAME
Author name Appaswamy, A J
245 ## - TITLE STATEMENT
Title Masih Hindustani Kalisiya Men
Sub title Christ in the Indian Church
260 ## - PUBLICATION, DISTRIBUTION, ETC. (IMPRINT)
Place of publication Anbala
Name of publisher National Christian Council
Year of publication 1940
300 ## - PHYSICAL DESCRIPTION
Number of Pages 140p
500 ## - GENERAL NOTE
General note includes index and biblioraphy
505 2# - FORMATTED CONTENTS NOTE
Formatted contents note Bibliography
650 ## - SUBJECT ADDED ENTRY--TOPICAL TERM
Topical Term Church-India
650 ## - SUBJECT ADDED ENTRY--TOPICAL TERM
Topical Term Theology-India
942 ## - ADDED ENTRY ELEMENTS (KOHA)
Koha item type Books
Holdings
Home library Current library Date acquired Cost, normal purchase price Full call number Accession Number Koha item type
Henry Martyn Institute Library Henry Martyn Institute Library 07/18/2007 5.00 275.4 APP 3560 Archive Book
                   Copyright © 2026 | Henry Martyn Institute | Hyderabad | TS-500052 | INDIA | Implemented by hmi.edu.in
Hit-Count:

Powered by Koha